La importancia estratégica de la Plataforma Laboral de las Américas /

Guardat en:
Dades bibliogràfiques
Autor principal: Godio, Julio
Format: Text
Matèries:
Etiquetes: Afegir etiqueta
Sense etiquetes, Sigues el primer a etiquetar aquest registre!

MARC

LEADER 00000 a a2200000 04500
001 10871
003
040
100 |a Godio, Julio  
245 |a La importancia estratégica de la Plataforma Laboral de las Américas /  |c Julio Godio 
650 |a SINDICALISMO  
650 |a EMPLEO  
650 |a AMERICA LATINA  
773 |g número 211; páginas 98-108  
999 |c 24988  |d 24988